000
00230 a2200097 4500
001
41522
100
_a
Mulana Mufti Muhammad Shaffi
245
_a
Muarif-e-Al-Quran
260
_a
Karachi
_b
Idara Al-Muarif
_c
090
_c
25674
_d
25674
942
_a
NUST-CAE
_c
M
_c
17418
999
_c
276595
_d
276595